00375nam a2200157Ia 4500003000400000005001700004008004000021040000700061041001200068082001600080100001700096245003700113260003300150300001200183650002200195OSt20231122124931.0210210b1973 xxu||||| |||| 00| 0 eng d cAL aEnglish a530.02 KAKP aKAKAR (I B). aPhysics: short-answer questions. aNDbOrient Longman Ltdc1973 avii,320 aPhysics questions